Tanglung bunga sakura
| Other Authors: | |
|---|---|
| Format: | Book |
| Published: |
Kuala Lumpur :
DBP ,
1992
|
| Subjects: |
MARC
| LEADER | 00000cam a2200000 7i4500 | ||
|---|---|---|---|
| 001 | 0000006635 | ||
| 002 | 000007157 | ||
| 005 | 20091007.0 | ||
| 020 | |a 9836222103 | ||
| 090 | 0 | 0 | |a F |b TAN |
| 245 | 0 | 0 | |a Tanglung bunga sakura |c diselenggarakan oleh Talib Samat |
| 260 | |a Kuala Lumpur : |b DBP , |c 1992 | ||
| 300 | |a 281p. ; |c 18cm. | ||
| 650 | 0 | 0 | |a Short stories, Malay |
| 700 | 0 | |a Talib Samat | |
| 999 | |a 039389 |b BUKU |c PINJAMAN |e PERPUSTAKAAN KOMUNITI PETALING JAYA | ||
| 999 | |a 039390 |b BUKU |c PINJAMAN |e PERPUSTAKAAN KOMUNITI PETALING JAYA | ||